00753nam a22001817a 4500003000900000008004100009040007100050082001700121100003400138245007700172260004800249300002600297505014900323650001900472650002300491650002300514700003400537AR-CdUCM190226b ||||| |||| 00| 0 spa d aMUNICIPALIDAD PROVINCIAL DEL CUSCOcBIBLIOTECA MUNICIPAL DEL CUSCO a341.1 /bT73 aTorres, Carlos ; Torres, Lara aEnsayo de Introduccion al Derecho PeruanocTorres, Carlos ; Torres, Lara aLima - Peru :bEditora Andina S.A. ,c1990. a120 paginas :c21 cm. aEl Territorio -- La Organizacion -- La Jurisdiccion -- El Derecho Comercial -- El Derecho Civil -- El estado de Derecho -- El derecho Privado... aDerecho Civil. aestado de Derecho. aDerecho Comercial. aTorres, Carlos ; Torres, Lara